书目信息 |
| 题名: |
电梯监督检验
|
|
| 作者: | 李跃华 主编 | |
| 分册: | ||
| 出版信息: | 北京 中国劳动社会保障出版社 2021.09 |
|
| 页数: | 267页c图 | |
| 开本: | 26cm | |
| 丛书名: | 技工院校一体化课程教学改革电梯工程技术专业教材 | |
| 单 册: | ||
| 中图分类: | TU857 | |
| 科图分类: | ||
| 主题词: | 电梯--dian ti--质量监督--职业教育--教材 , 电梯--dian ti--检验--职业教育--教材 | |
| 电子资源: | ||
| ISBN: | 978-7-5167-4949-4 | |
| 000 | 01311nam 2200301 450 | |
| 001 | 27926 | |
| 005 | 20221008114501.01 | |
| 010 | @a978-7-5167-4949-4@dCNY34.00 | |
| 049 | @aO330100ZJX@bUCS01010781658 | |
| 100 | @a20220823d2021 em y0chiy50 ea | |
| 101 | 0 | @achi |
| 102 | @aCN@b110000 | |
| 105 | @aa z 000yy | |
| 200 | 1 | @a电梯监督检验@Adian ti jian du jian yan@f人力资源社会保障部教材办公室组织编写 |
| 210 | @a北京@c中国劳动社会保障出版社@d2021.09 | |
| 215 | @a267页c图@d26cm | |
| 225 | 2 | @a技工院校一体化课程教学改革电梯工程技术专业教材@Aji gong yuan xiao yi ti hua ke cheng jiao xue gai ge dian ti gong cheng ji shu zhuan ye jiao cai@i高级技能层级 |
| 314 | @a书内题: 李跃华主编 | |
| 330 | @a本书主要内容包括电梯技术资料监督检验, 电梯机房监督检验, 电梯井道监督检验, 电梯轿厢与对重监督检验, 电梯悬挂装置、补偿装置及旋转部件防护监督检验, 电梯轿门与层门监督检验, 无机房电梯附加监督检验和电梯试验8个学习任务。 | |
| 333 | @a国家级职业教育规划教材 | |
| 410 | 0 | @12001 @a技工院校一体化课程教学改革电梯工程技术专业教材@i高级技能层级 |
| 606 | 0 | @a电梯@Adian ti@x质量监督@x职业教育@j教材 |
| 606 | 0 | @a电梯@Adian ti@x检验@x职业教育@j教材 |
| 690 | @aTU857@v5 | |
| 701 | 0 | @a李跃华@Ali yue hua@4主编 |
| 801 | 0 | @aCN@c20220910 |
| 803 | @a职业教育 | |
| 905 | @a河南城建学院图书馆@dTU857@eL320@f2 | |
| 电梯监督检验/人力资源社会保障部教材办公室组织编写.-北京:中国劳动社会保障出版社,2021.09 |
| 267页c图;26cm.-(技工院校一体化课程教学改革电梯工程技术专业教材.高级技能层级) |
| 使用对象:国家级职业教育规划教材 |
| ISBN 978-7-5167-4949-4:CNY34.00 |
| 本书主要内容包括电梯技术资料监督检验, 电梯机房监督检验, 电梯井道监督检验, 电梯轿厢与对重监督检验, 电梯悬挂装置、补偿装置及旋转部件防护监督检验, 电梯轿门与层门监督检验, 无机房电梯附加监督检验和电梯试验8个学习任务。 |
| ● |
| 相关链接 |
|
|
|
正题名:电梯监督检验
索取号:TU857/L320
 
预约/预借
| 序号 | 登录号 | 条形码 | 馆藏地/架位号 | 状态 | 备注 |
| 1 | 1580439 | 215804397 | 建筑库201/201建筑库 55排6列5层/ [索取号:TU857/L320] | 在馆 | |
| 2 | 1580440 | 215804404 | 建筑库201/201建筑库 55排6列5层/ [索取号:TU857/L320] | 在馆 |